[Event "COL-ch (Women)"]
[Site "Cartagena"]
[Date "2023.06.08"]
[Round "2"]
[White "Medelo Gelvis, Kelly Yohanna"]
[Black "Aguas Cardenas, Darley"]
[Result "0-1"]
[WhiteElo "1592"]
[BlackElo "1767"]
[PlyCount "78"]
[EventDate "2023.06.08"]
[EventType "swiss"]
[EventRounds "9"]
[EventCountry "COL"]
[SourceTitle "CBM 215 Extra"]
[Source "ChessBase"]
[SourceDate "2023.09.30"]
[SourceVersion "1"]
[SourceVersionDate "2023.09.30"]
[SourceQuality "1"]

1. d4 e6 2. c4 d5 3. Nc3 Nf6 4. Bg5 Be7 5. e3 c6 6. Nf3 Nbd7 7. Be2 0-0 8. 0-0 b6 9. a3 Bb7 10. cxd5 Nxd5 11. Bxe7 Nxe7 12. b4 Rc8 13. Rc1 Qc7 14. Bd3 Rfd8 15. Qe2 Qb8 16. Ng5 h6 17. Nge4 e5 18. dxe5 Nxe5 19. Bb1 Nd5 20. f4 Nd7 21. Nxd5 cxd5 22. Nd2 Qd6 23. Nf3 Nf6 24. Nd4 Re8 25. h3 a5 26. Rxc8 Bxc8 27. Qd2 axb4 28. axb4 Bd7 29. Rc1 Qe7 30. Kf2 Nh5 31. g4 Qh4+ 32. Ke2 Nxf4+ 33. Kd1 Ba4+ 34. Bc2 Bxc2+ 35. Rxc2 Qxh3 36. Rc6 Qxg4+ 37. Kc2 Ng2 38. Rxb6 Nxe3+ 39. Kb2 Nc4+ 0-1

[Event "COL-chT Blitz (Women)"]
[Site "Santa Marta"]
[Date "2022.11.07"]
[Round "6.1"]
[White "Aguas Cardenas, Darley"]
[Black "Munoz Monroy, Cinthya Carolina"]
[Result "0-1"]
[WhiteElo "1754"]
[BlackElo "2035"]
[PlyCount "60"]
[EventDate "2022.11.07"]
[EventType "team-swiss"]
[EventRounds "9"]
[EventCountry "COL"]
[SourceTitle "CBM 211 Extra"]
[Source "ChessBase"]
[SourceDate "2023.01.31"]
[SourceVersion "1"]
[SourceVersionDate "2023.01.31"]
[SourceQuality "1"]
[WhiteTeam "Risaralda (W)"]
[BlackTeam "Antioquia (W) II"]
[WhiteTeamCountry "COL"]
[BlackTeamCountry "COL"]

1. c4 e5 2. g3 f5 3. Bg2 Nf6 4. Nc3 c6 5. e3 Bb4 6. Nge2 0-0 7. b3 d5 8. cxd5 cxd5 9. d4 e4 10. 0-0 Bxc3 11. Nxc3 Nc6 12. Ba3 Re8 13. Rc1 Qa5 14. Bb2 Nb4 15. Ra1 Nd3 16. Qd2 Be6 17. Bc1 b6 18. Nb1 Qa6 19. Rd1 Rac8 20. Bf1 Bf7 21. Bb2 Bh5 22. Bxd3 exd3 23. Qxd3 Qxd3 24. Rxd3 Rc2 25. Ba3 Rec8 26. Kg2 Ne4 27. Nd2 Nxd2 28. Bd6 Be2 29. Rxd2 Rxd2 30. Re1 Bd3 0-1

[Event "COL-chT Blitz (Women)"]
[Site "Santa Marta"]
[Date "2022.11.07"]
[Round "3.1"]
[White "Causil Pastrana, Xiomara Rosa"]
[Black "Aguas Cardenas, Darley"]
[Result "1/2-1/2"]
[WhiteElo "1230"]
[BlackElo "1754"]
[PlyCount "48"]
[EventDate "2022.11.07"]
[EventType "team-swiss"]
[EventRounds "9"]
[EventCountry "COL"]
[SourceTitle "CBM 211 Extra"]
[Source "ChessBase"]
[SourceDate "2023.01.31"]
[SourceVersion "1"]
[SourceVersionDate "2023.01.31"]
[SourceQuality "1"]
[WhiteTeam "Cordoba (W)"]
[BlackTeam "Risaralda (W)"]
[WhiteTeamCountry "COL"]
[BlackTeamCountry "COL"]

1. e4 e6 2. d4 d5 3. exd5 exd5 4. Nc3 Nf6 5. Nf3 c6 6. Bd3 h6 7. 0-0 Be7 8. Re1 0-0 9. Bf4 Bg4 10. h3 Bh5 11. Qd2 Bg6 12. Bxg6 fxg6 13. Re3 Bd6 14. Bxd6 Qxd6 15. Rae1 Nbd7 16. Re6 Qb4 17. Nh4 g5 18. Ng6 Rfe8 19. Ne7+ Kh8 20. Ng6+ Kh7 21. Qd3 Kg8 22. Ne7+ Kh8 23. Ng6+ Kg8 24. Ne7+ Kh8 1/2-1/2

[Event "COL-chT Rapid (Women)"]
[Site "Santa Marta"]
[Date "2022.11.04"]
[Round "4.4"]
[White "Toro Castaneda, Elizabeth"]
[Black "Aguas Cardenas, Darley"]
[Result "1/2-1/2"]
[WhiteElo "1892"]
[BlackElo "1662"]
[PlyCount "130"]
[EventDate "2022.11.02"]
[EventType "team-swiss"]
[EventRounds "7"]
[EventCountry "COL"]
[SourceTitle "CBM 211 Extra"]
[Source "ChessBase"]
[SourceDate "2023.01.31"]
[SourceVersion "1"]
[SourceVersionDate "2023.01.31"]
[SourceQuality "1"]
[WhiteTeam "Antioquia (W)"]
[BlackTeam "Risaralda (W)"]
[WhiteTeamCountry "COL"]
[BlackTeamCountry "COL"]

1. e4 e6 2. d4 d5 3. Nd2 dxe4 4. Nxe4 Be7 5. Nf3 Nf6 6. Ng3 h6 7. Bd3 Nc6 8. 0-0 0-0 9. c3 a6 10. Bc2 b5 11. Qd3 Qd5 12. Re1 Rd8 13. Ne4 Nxe4 14. Rxe4 f5 15. Re1 Bf6 16. Qe2 Re8 17. Bf4 Re7 18. h4 Kh8 19. h5 Nd8 20. Be5 Bb7 21. Bxf6 gxf6 22. Bb3 Qe4 23. Qd2 Qg4 24. Qxh6+ Kg8 25. Qg6+ Qxg6 26. hxg6 Bxf3 27. gxf3 Kg7 28. f4 c6 29. Kg2 Kxg6 30. Kf3 Raa7 31. Rh1 Rg7 32. Rh8 Rad7 33. a4 b4 34. a5 Kf7 35. Bc4 bxc3 36. bxc3 Rg8 37. Rxg8 Kxg8 38. Bxa6 Ra7 39. Bc4 Kf7 40. a6 Ke7 41. Rh1 Kd6 42. Rh8 Ke7 43. Ke3 Nf7 44. Rg8 Nd6 45. Rg7+ Nf7 46. Kd3 Kf8 47. Rh7 Ne5+ 48. fxe5 Rxh7 49. Bxe6 fxe5 50. dxe5 Re7 51. Bxf5 Rxe5 52. Bc8 Ke7 53. Bb7 Ra5 54. Kc4 Kd6 55. Kb4 Ra2 56. f4 Kc7 57. Kc5 Ra5+ 58. Kd4 Rf5 59. Ke4 Rc5 60. Kd4 Rf5 61. Ke4 Rc5 62. Kd4 Rf5 63. Ke3 Rc5 64. Kd3 Rf5 65. Ke4 Rc5 1/2-1/2

[Event "Pereira Gildardo Garcia Memorial-B"]
[Site "Pereira"]
[Date "2022.05.21"]
[Round "7"]
[White "Aguas Cardenas, Darley"]
[Black "Martinez Flores, Matias"]
[Result "1-0"]
[WhiteElo "1763"]
[BlackElo "1508"]
[PlyCount "67"]
[EventDate "2022.05.18"]
[EventType "swiss"]
[EventRounds "9"]
[EventCountry "COL"]
[SourceTitle "CBM 208 Extra"]
[Source "ChessBase"]
[SourceDate "2022.07.31"]
[SourceVersion "1"]
[SourceVersionDate "2022.07.31"]
[SourceQuality "1"]

1. c4 e5 2. Nc3 Nf6 3. Nf3 Nc6 4. d3 d5 5. cxd5 Nxd5 6. g3 Nb6 7. Bg2 Be7 8. a3 0-0 9. 0-0 Be6 10. b4 a6 11. Bb2 f6 12. Rc1 Qd7 13. Ne4 Rad8 14. Qc2 Rfe8 15. Nfd2 Qc8 16. Nb3 Nd7 17. Nec5 Nxc5 18. Nxc5 Bxc5 19. Qxc5 Bd7 20. a4 b6 21. Qc4+ Kh8 22. Bxc6 Bxc6 23. Qxc6 h6 24. Qxc7 Qh3 25. Qc4 g5 26. Qe4 f5 27. Bxe5+ Kg8 28. Qc4+ Kf8 29. Qc7 Rxe5 30. Qxe5 Kg8 31. Rc7 Qxf1+ 32. Kxf1 Rd7 33. Rxd7 f4 34. Qg7# 1-0

[Event "COL-ch U2000"]
[Site "Pereira"]
[Date "2022.02.17"]
[Round "3"]
[White "Montoya Echeverri, Sebastian"]
[Black "Aguas Cardenas, Darley"]
[Result "1-0"]
[WhiteElo "1806"]
[BlackElo "1737"]
[PlyCount "91"]
[EventDate "2022.02.16"]
[EventType "swiss"]
[EventRounds "9"]
[EventCountry "COL"]
[SourceTitle "CBM 207 Extra"]
[Source "ChessBase"]
[SourceDate "2022.05.31"]
[SourceVersion "1"]
[SourceVersionDate "2022.05.31"]
[SourceQuality "1"]

1. e4 c5 2. Nf3 e6 3. d4 cxd4 4. Nxd4 Nf6 5. Nc3 Bb4 6. Ndb5 Nxe4 7. Qg4 Nxc3 8. bxc3 Bf8 9. Bf4 Na6 10. Nd6+ Bxd6 11. Bxd6 Qf6 12. Qg3 Qg6 13. Qf3 Nb8 14. Bd3 Qf6 15. Qe4 Qxc3+ 16. Ke2 Nc6 17. Rab1 Qd4 18. Qxd4 Nxd4+ 19. Ke3 Nc6 20. Be4 f6 21. c4 b6 22. c5 bxc5 23. Rhc1 Ba6 24. Rxc5 Rc8 25. Bxc6 dxc6 26. Ra5 Rd8 27. Rxa6 Rxd6 28. Rb8+ Rd8 29. Rxd8+ Kxd8 30. Rxa7 Re8 31. Rxg7 h5 32. Ra7 e5 33. Ra8+ Ke7 34. Rxe8+ Kxe8 35. Kd3 f5 36. g3 Kd7 37. Kc4 h4 38. gxh4 f4 39. Kd3 Kd6 40. h5 Ke6 41. h6 Kf6 42. a4 c5 43. a5 c4+ 44. Kxc4 e4 45. a6 e3 46. Kd3 1-0

[Event "FISU World University"]
[Site "Tornelo INT"]
[Date "2020.10.27"]
[Round "5.21"]
[White "Aguas Cardenas, Darley"]
[Black "Methmani, Nelunika"]
[Result "1/2-1/2"]
[WhiteElo "1737"]
[BlackElo "1601"]
[PlyCount "63"]
[EventDate "2020.10.26"]
[EventType "team-swiss (rapid)"]
[EventRounds "9"]
[EventCountry "NET"]
[SourceTitle "CBM 199 Extra"]
[Source "ChessBase"]
[SourceDate "2021.01.31"]
[SourceVersion "1"]
[SourceVersionDate "2021.01.31"]
[SourceQuality "1"]
[WhiteTeam "Colombia V"]
[BlackTeam "Sri Lanka"]
[WhiteTeamCountry "COL"]
[BlackTeamCountry "SRI"]

1. c4 e5 2. Nc3 Nf6 3. g3 d5 4. cxd5 Nxd5 5. Bg2 Nb6 6. d3 Nc6 7. Nf3 Be7 8. 0-0 Be6 9. b3 0-0 10. Bb2 f6 11. Rc1 Rc8 12. Ne4 Nd7 13. d4 exd4 14. Nxd4 Nxd4 15. Qxd4 c5 16. Qc3 Nb6 17. Ng5 Nd5 18. Bxd5 Qxd5 19. Nxe6 Qxe6 20. e3 Qe4 21. Rfd1 Rfd8 22. Ba3 b6 23. Bb2 Kf8 24. Qc2 Rxd1+ 25. Qxd1 Rd8 26. Qe2 Rd3 27. Rd1 Rxd1+ 28. Qxd1 Kf7 29. h4 Ke6 30. Kh2 Bd6 31. Kg1 a6 32. a4 1/2-1/2

[Event "Barranquilla Region-ch (Women)"]
[Site "Barranquilla"]
[Date "2020.01.06"]
[Round "6"]
[White "Aguas Cardenas, Darley"]
[Black "Mercado Maestre, Maria Angel"]
[Result "1-0"]
[WhiteElo "1737"]
[BlackElo "1276"]
[PlyCount "63"]
[EventDate "2020.01.04"]
[EventType "swiss"]
[EventRounds "6"]
[EventCountry "COL"]
[SourceTitle "CBM 194 Extra"]
[Source "ChessBase"]
[SourceDate "2020.03.31"]
[SourceVersion "1"]
[SourceVersionDate "2020.03.31"]
[SourceQuality "1"]

1. c4 e5 2. Nc3 Nc6 3. g3 Bc5 4. Bg2 d6 5. e3 Bf5 6. d3 Qd7 7. a3 a5 8. b3 Nf6 9. Nf3 Bh3 10. 0-0 h5 11. d4 exd4 12. exd4 Bb6 13. Re1+ Kf8 14. Be3 Ne7 15. c5 Ba7 16. b4 b6 17. Bxh3 Qxh3 18. Ng5 Qf5 19. Qf3 Qxf3 20. Nxf3 Nf5 21. c6 Re8 22. b5 h4 23. Bf4 hxg3 24. hxg3 Rc8 25. Kg2 Kg8 26. Rh1 g6 27. Rxh8+ Kxh8 28. Re1 Kg7 29. Bg5 Nh7 30. Bf4 Nf6 31. Bg5 Nh7 32. Be3 1-0

[Event "Barranquilla Region-ch (Women)"]
[Site "Barranquilla"]
[Date "2020.01.05"]
[Round "4"]
[White "Aguas Cardenas, Darley"]
[Black "Libreros Hurtado, Karina"]
[Result "1-0"]
[WhiteElo "1737"]
[BlackElo "1600"]
[PlyCount "71"]
[EventDate "2020.01.04"]
[EventType "swiss"]
[EventRounds "6"]
[EventCountry "COL"]
[SourceTitle "CBM 194 Extra"]
[Source "ChessBase"]
[SourceDate "2020.03.31"]
[SourceVersion "1"]
[SourceVersionDate "2020.03.31"]
[SourceQuality "1"]

1. c4 g6 2. Nc3 Bg7 3. d4 d6 4. e4 Nf6 5. Nf3 Bg4 6. Be2 0-0 7. Be3 Nbd7 8. Qd2 c5 9. d5 Qa5 10. 0-0 Bxf3 11. Bxf3 Ne5 12. Be2 Neg4 13. Bf4 Ne5 14. Rac1 Rab8 15. h3 a6 16. a4 Qb4 17. Bxe5 dxe5 18. Qc2 Qa5 19. Rcd1 Qc7 20. Bd3 Nh5 21. Rb1 Nf4 22. b4 Nxd3 23. Qxd3 Rfc8 24. b5 Qd6 25. Rb3 a5 26. b6 Qd8 27. Rb5 Ra8 28. Qe3 Qd6 29. Qd2 Ra6 30. Rfb1 Rc6 31. Qb2 Rc8 32. Ne2 Qd7 33. Qc3 Rca8 34. Qe3 Qd6 35. Nc1 f5 36. f3 1-0

[Event "Barranquilla Region-ch (Women)"]
[Site "Barranquilla"]
[Date "2020.01.04"]
[Round "2"]
[White "Aguas Cardenas, Darley"]
[Black "Albor Rebolledo, Andrea Maria"]
[Result "1-0"]
[WhiteElo "1737"]
[BlackElo "1646"]
[PlyCount "63"]
[EventDate "2020.01.04"]
[EventType "swiss"]
[EventRounds "6"]
[EventCountry "COL"]
[SourceTitle "CBM 194 Extra"]
[Source "ChessBase"]
[SourceDate "2020.03.31"]
[SourceVersion "1"]
[SourceVersionDate "2020.03.31"]
[SourceQuality "1"]

1. c4 e5 2. g3 f5 3. Bg2 Nf6 4. Nc3 c6 5. d4 exd4 6. Qxd4 Be7 7. Nf3 d6 8. Bf4 0-0 9. Rd1 Ne8 10. 0-0 Nd7 11. e4 Qb6 12. Qd2 Ndf6 13. exf5 Bxf5 14. Rfe1 Bd8 15. b3 Bc7 16. Nd4 Bg6 17. Ne6 Rf7 18. Nxc7 Rxc7 19. Bxd6 Rd7 20. c5 Qb4 21. Ne4 Qxd2 22. Nxf6+ Nxf6 23. Rxd2 h6 24. Bh3 Rdd8 25. Rde2 Re8 26. Rxe8+ Rxe8 27. Rxe8+ Bxe8 28. Bb8 a6 29. Bc8 Ne4 30. Ba7 Nc3 31. Bxb7 Nxa2 32. Bxa6 1-0

[Event "Barranquilla Region-ch (Women)"]
[Site "Barranquilla"]
[Date "2020.01.04"]
[Round "1"]
[White "Olier Robayo, Mishelle Dayana"]
[Black "Aguas Cardenas, Darley"]
[Result "0-1"]
[WhiteElo "1367"]
[BlackElo "1737"]
[PlyCount "50"]
[EventDate "2020.01.04"]
[EventType "swiss"]
[EventRounds "6"]
[EventCountry "COL"]
[SourceTitle "CBM 194 Extra"]
[Source "ChessBase"]
[SourceDate "2020.03.31"]
[SourceVersion "1"]
[SourceVersionDate "2020.03.31"]
[SourceQuality "1"]

1. e4 c5 2. d3 Nc6 3. Nd2 g6 4. g3 Bg7 5. c3 Nf6 6. Bg2 0-0 7. Ngf3 d6 8. 0-0 Bg4 9. h3 Bd7 10. Qe2 Rc8 11. Nh2 e5 12. Nc4 Be6 13. Ne3 Qd7 14. g4 b5 15. Nd5 Ne7 16. c4 Nc6 17. f4 Bxd5 18. cxd5 Nd4 19. Qf2 exf4 20. Bxf4 Ne8 21. Nf3 b4 22. Nh2 Nc7 23. g5 f6 24. gxf6 Rxf6 25. Ng4 Rxf4 0-1

[Event "COL-ch U20 Girls"]
[Site "Medellin"]
[Date "2016.03.17"]
[Round "3"]
[White "Calderon Zuluaga, Andrea"]
[Black "Aguas Cardenas, Darley"]
[Result "0-1"]
[WhiteElo "1743"]
[BlackElo "1726"]
[PlyCount "78"]
[EventDate "2016.03.16"]
[EventType "swiss"]
[EventRounds "7"]
[EventCountry "COL"]
[SourceTitle "CBM 171 Extra"]
[Source "ChessBase"]
[SourceDate "2016.04.26"]
[SourceVersion "1"]
[SourceVersionDate "2016.04.26"]
[SourceQuality "1"]

1. e4 e5 2. Nf3 Nc6 3. Nc3 Nf6 4. Bc4 Bc5 5. d3 h6 6. 0-0 0-0 7. Be3 Bb6 8. h3 d6 9. d4 exd4 10. Nxd4 Ne5 11. Bb3 a6 12. a3 Re8 13. Qd2 Bxd4 14. Qxd4 Bxh3 15. f4 Nc6 16. Qd3 Be6 17. Nd5 Ng4 18. g3 Ne7 19. Rae1 Bxd5 20. exd5 Nxe3 21. Rxe3 Ng6 22. f5 Ne5 23. Qd4 Qf6 24. Qc3 Re7 25. Kg2 Rae8 26. Rfe1 Qxf5 27. Qd2 Qg5 28. Qe2 Ng6 29. Rxe7 Rxe7 30. Qf2 Rxe1 31. Qxe1 Qe5 32. Qb4 Qe2+ 33. Kh3 h5 34. Qxb7 Qf1+ 35. Kh2 Qf2+ 36. Kh3 f5 37. Qxc7 Qg1 38. Qc8+ Kh7 39. Qxf5 Qh1# 0-1

[Event "COL-ch (Women)"]
[Site "Quibdo"]
[Date "2015.11.11"]
[Round "3"]
[White "Aguas Cardenas, Darley"]
[Black "Herrera, Milena"]
[Result "0-1"]
[WhiteElo "1716"]
[BlackElo "2118"]
[PlyCount "134"]
[EventDate "2015.11.10"]
[EventType "swiss"]
[EventRounds "9"]
[EventCountry "COL"]
[SourceTitle "CBM 169 Extra"]
[Source "ChessBase"]
[SourceDate "2015.12.18"]
[SourceVersion "1"]
[SourceVersionDate "2015.12.18"]
[SourceQuality "1"]

1. c4 c5 2. Nc3 b6 3. Nf3 Bb7 4. g3 Nf6 5. Bg2 e6 6. 0-0 Be7 7. e3 0-0 8. d4 cxd4 9. exd4 d5 10. Ne5 Nbd7 11. cxd5 Nxd5 12. Nxd5 exd5 13. f4 Nf6 14. Be3 Ne4 15. Rc1 Rc8 16. Qd3 f6 17. Rxc8 Qxc8 18. Rc1 Qf5 19. Bxe4 Qxe4 20. Qxe4 dxe4 21. Nc6 Bxc6 22. Rxc6 Kf7 23. Rc7 Ra8 24. f5 Ke8 25. Kf2 g5 26. Bd2 Kd8 27. Rc6 Kd7 28. Re6 Rc8 29. Bc3 b5 30. Rxe4 b4 31. Be1 h5 32. h3 a5 33. Re2 a4 34. b3 a3 35. Ke3 Bd6 36. g4 h4 37. Kd3 Rc1 38. Ke4 Kc6 39. d5+ Kd7 40. Kf3 Rd1 41. Re4 Rxd5 42. Bxb4 Bxb4 43. Rxb4 Rd3+ 44. Kg2 Rd2+ 45. Kg1 Rxa2 46. Ra4 Ra1+ 47. Kg2 Kc6 48. Kh2 Ra2+ 49. Kg1 Ra1+ 50. Kh2 Kd5 51. Kg2 Ke5 52. Kh2 Ra2+ 53. Kg1 Ra1+ 54. Kh2 a2 55. Kg2 Rb1 56. Rxa2 Rxb3 57. Ra4 Rg3+ 58. Kh2 Rd3 59. Kg2 Rd4 60. Ra6 Kf4 61. Rxf6 Rd2+ 62. Kf1 Kg3 63. Rg6 Kxh3 64. Rxg5 Kg3 65. Rh5 h3 66. Ke1 Rd5 67. f6 Rxh5 0-1

[Event "COL-ch (Women)"]
[Site "Quibdo"]
[Date "2015.11.11"]
[Round "4"]
[White "Duran, Maria Camila"]
[Black "Aguas Cardenas, Darley"]
[Result "0-1"]
[WhiteElo "1536"]
[BlackElo "1716"]
[PlyCount "94"]
[EventDate "2015.11.10"]
[EventType "swiss"]
[EventRounds "9"]
[EventCountry "COL"]
[SourceTitle "CBM 169 Extra"]
[Source "ChessBase"]
[SourceDate "2015.12.18"]
[SourceVersion "1"]
[SourceVersionDate "2015.12.18"]
[SourceQuality "1"]

1. e4 e6 2. d3 d5 3. Nd2 c5 4. g3 Nc6 5. Bg2 Nge7 6. Ngf3 Ng6 7. 0-0 Be7 8. Re1 0-0 9. c3 Re8 10. Nf1 d4 11. h3 e5 12. N1h2 Be6 13. cxd4 cxd4 14. Qd2 Bb4 15. Qg5 Bxe1 16. Nxe1 Qxg5 17. Bxg5 Rac8 18. a3 f6 19. Bd2 Nce7 20. h4 Nf8 21. f4 Nd7 22. f5 Bf7 23. b4 b6 24. g4 Nc6 25. h5 a5 26. bxa5 Nxa5 27. Rb1 Nb3 28. Bb4 Ndc5 29. Nhf3 Na6 30. g5 Nxb4 31. axb4 fxg5 32. Nxg5 Rc1 33. Rxc1 Nxc1 34. Nxf7 Kxf7 35. Bf3 Kf6 36. Kf2 Rc8 37. Bd1 Na2 38. Nc2 Rc3 39. Ke2 Nc1+ 40. Kd2 Nxd3 41. Be2 Nb2 42. Ne3 Rxe3 43. Bb5 Rh3 44. Kc2 Rh2+ 45. Kb3 d3 46. Bxd3 Nxd3 47. Kc4 Nxb4 0-1

[Event "San Andres Islas Caribe-ch (Women)"]
[Site "San Andres Islas"]
[Date "2015.05.07"]
[Round "6"]
[White "Aguas Cardenas, Darley"]
[Black "Gomez Guardo, Laura Melissa"]
[Result "1-0"]
[WhiteElo "1716"]
[BlackElo "1768"]
[PlyCount "51"]
[EventDate "2015.05.05"]
[EventType "swiss"]
[EventRounds "6"]
[EventCountry "COL"]
[SourceTitle "CBM 166 Extra"]
[Source "ChessBase"]
[SourceDate "2015.06.18"]
[SourceVersion "1"]
[SourceVersionDate "2015.06.18"]
[SourceQuality "1"]

1. c4 Nf6 2. Nc3 g6 3. e4 d6 4. d4 Bg7 5. f3 0-0 6. Bd3 e5 7. d5 Nbd7 8. Nge2 b6 9. Be3 a5 10. Qd2 Nc5 11. g4 h5 12. h3 Bd7 13. 0-0-0 c6 14. Bg5 Qc7 15. Bxf6 Bxf6 16. gxh5 Nxd3+ 17. Qxd3 gxh5 18. Rdg1+ Kh7 19. f4 Rg8 20. Qf3 Rg6 21. Qxh5+ Rh6 22. Qxf7+ Kh8 23. Rg6 Rxg6 24. Qxg6 Qd8 25. Qh6+ Kg8 26. Rg1+ 1-0

[Event "COL-ch sf (Women)"]
[Site "Medellin"]
[Date "2014.??.??"]
[Round "2"]
[White "Aguas Cardenas, Darley"]
[Black "Torres Cardenas, Laura"]
[Result "1/2-1/2"]
[WhiteElo "1728"]
[BlackElo "1442"]
[PlyCount "60"]
[EventDate "2014.04.15"]
[EventType "swiss"]
[EventRounds "9"]
[EventCountry "COL"]
[SourceTitle "CBM 160 Extra"]
[Source "ChessBase"]
[SourceDate "2014.07.01"]
[SourceVersion "1"]
[SourceVersionDate "2014.07.01"]
[SourceQuality "1"]

1. d4 Nf6 2. c4 e6 3. Nc3 Bb4 4. Bd2 b6 5. Nf3 Bb7 6. e3 Bxc3 7. Bxc3 Ne4 8. Be2 Nxc3 9. bxc3 0-0 10. 0-0 c5 11. Ne5 Qg5 12. Bf3 Nc6 13. Nxc6 Bxc6 14. Bxc6 dxc6 15. Qf3 Rac8 16. Rfd1 Rfd8 17. Rd2 cxd4 18. cxd4 c5 19. Rad1 cxd4 20. Rxd4 h6 21. Rxd8+ Rxd8 22. Rxd8+ Qxd8 23. h3 Qc7 24. Qe4 a5 25. g3 Kf8 26. Qd4 f6 27. Kf1 Qc5 28. Qd8+ Kf7 29. Qd7+ Qe7 30. Qd4 Qc5 1/2-1/2